[Event "AUTO-MASTER-1792"]
[Site "http://www.queenalice.com/game.php?id=1135598"]
[Date "2012.12.29"]
[Round "1"]
[White "Puffer"]
[Black "scaccomatto"]
[Result "1-0"]
[WhiteElo "2086"]
[BlackElo "2097"]

1. e4 e5 2. Nf3 Nc6 3. Bb5 a6 4. Ba4 Nf6 5. O-O Be7 6. d3 b5 7. Bb3 d6 8. c3 O-O
9. Re1 Be6 10. Bc2 Bg4 11. Nbd2 d5 12. exd5 Qxd5 13. Qe2 Bc5 14. Bb3 Qd6 15. Nf1
Rae8 16. Ne3 Bh5 17. Nf5 Qd7 18. Ng3 Bg6 19. Bc2 b4 20. Nh4 Nd5 21. Ne4 Bb6 22.
Nxg6 fxg6 23. Be3 Bxe3 24. fxe3 Kh8 25. c4 Nf6 26. Nc5 Qc8 27. Ba4 Qa8 28. Rf1
Re7 29. Qf3 Na7 30. Nxa6 Qxf3 31. Rxf3 e4 32. dxe4 Rxe4 33. Nxc7 Rxc4 34. Nd5
Re4 35. Rf4 Re5 36. Nxf6 gxf6 37. Rxb4 Rxe3 38. Kf2 Re5 39. Rd1 Rf7 40. Rb8+ Kg7
41. Rd3 Rfe7 42. h3 Re2+ 43. Kg3 h5 44. a3 g5 45. Bd1 h4+ 46. Kh2 Re1 47. Rbd8
Nc6 48. R8d7 Kf8 49. Rxe7 Kxe7 50. Rd2 Ne5 51. Bb3 Re3 52. Ba2 g4 53. Rd1 g3+
54. Kg1 Re2 55. Rb1 f5 56. Bd5 f4 57. b4 Rd2 58. Bb7 Ra2 59. b5 Nc4 60. Bd5 Rc2
61. Bxc4 Rxc4 62. b6 Rc8 63. a4 Ra8 64. b7 Rb8 65. a5 Kd7 66. a6 Kc7 67. a7 Rxb7
68. Rc1+ 1-0

[Event "AUTO-MASTER-1792"]
[Site "http://www.queenalice.com/game.php?id=1135599"]
[Date "2012.12.29"]
[Round "1"]
[White "scaccomatto"]
[Black "Puffer"]
[Result "0-1"]
[WhiteElo "2111"]
[BlackElo "2068"]

1. e4 e5 2. Nf3 Nc6 3. Bb5 a6 4. Bxc6 dxc6 5. d4 exd4 6. Qxd4 Qxd4 7. Nxd4 Bd7
8. Be3 Nf6 9. Nc3 Bb4 10. f3 O-O 11. O-O-O c5 12. Nb3 c4 13. Nc5 Bc6 14. Nd5
Bxd5 15. exd5 b6 16. Ne4 Nxe4 17. fxe4 Rfe8 18. Bf4 Bd6 19. Bxd6 cxd6 20. Rd4 b5
21. Re1 h5 22. c3 Re5 23. Kd2 Rae8 24. Ke3 g5 25. h3 f5 26. Kf3 Kg7 27. g3 Kg6
28. a3 g4+ 29. hxg4 fxg4+ 30. Kg2 Kg5 31. Kf2 Rf8+ 32. Kg2 Rf3 33. Rf1 Rxf1 34.
Kxf1 h4 35. gxh4+ Kxh4 36. Kg2 g3 37. a4 Kg4 38. axb5 axb5 39. b3 cxb3 40. Rb4
Kf4 41. Rxb3 Rxe4 42. Rxb5 Re2+ 43. Kf1 Kf3 44. Rb1 Rc2 45. c4 Rxc4 46. Rb3+ Kg4
47. Kg2 Rc2+ 48. Kh1 Kh3 49. Rb1 Rd2 50. Re1 Rxd5 51. Rg1 Rd2 52. Re1 d5 53. Kg1
d4 54. Rf1 d3 55. Re1 Re2 56. Rd1 d2 57. Kf1 Re1+ 58. Rxe1 dxe1=R+ 59. Kxe1 Kh2
60. Ke2 g2 61. Kd3 g1=Q 62. Kc4 Kg3 63. Kb5 Qd4 64. Ka6 Qb4 65. Ka7 Kf4 66. Ka8
Ke5 67. Ka7 Kd6 68. Ka8 Kc7 69. Ka7 Qb7# 0-1

[Event "AUTO-MASTER-1792"]
[Site "http://www.queenalice.com/game.php?id=1135600"]
[Date "2012.12.29"]
[Round "1"]
[White "Puffer"]
[Black "sisagido"]
[Result "0-1"]
[WhiteElo "2195"]
[BlackElo "2213"]

1. e4 c5 2. Nf3 d6 3. d4 cxd4 4. Nxd4 Nf6 5. Nc3 g6 6. Bb5+ Nbd7 7. O-O Bg7 8.
Qe2 a6 9. Bd3 Ne5 10. Nf3 Bg4 11. Nd5 Nxd5 12. exd5 Qa5 13. c4 Qc7 14. Rb1 Nxd3
15. Qxd3 Bf5 16. Qe2 Bxb1 17. Bg5 Bxa2 0-1

[Event "AUTO-MASTER-1792"]
[Site "http://www.queenalice.com/game.php?id=1135601"]
[Date "2012.12.29"]
[Round "1"]
[White "sisagido"]
[Black "Puffer"]
[Result "1-0"]
[WhiteElo "2239"]
[BlackElo "2149"]

1. e4 e5 2. Nf3 Nc6 3. d4 exd4 4. Nxd4 Bc5 5. Be3 Qf6 6. c3 Nge7 7. Nc2 Bxe3 8.
Nxe3 d6 9. Bb5 O-O 10. O-O Ne5 11. f4 N5g6 12. Qd4 Qh4 13. f5 Nf4 14. e5 Nxf5
15. Nxf5 Bxf5 16. Rxf4 Qg5 17. Nd2 c6 18. Nf3 1-0

[Event "AUTO-MASTER-1792"]
[Site "http://www.queenalice.com/game.php?id=1135602"]
[Date "2012.12.29"]
[Round "1"]
[White "Puffer"]
[Black "ocbruno"]
[Result "1-0"]
[WhiteElo "2234"]
[BlackElo "1948"]

1. e4 e5 2. Nf3 Nc6 3. Bb5 Bc5 4. O-O Nf6 5. c3 a6 6. Ba4 b5 7. Bc2 d5 8. exd5
Nxd5 9. Re1 Bg4 10. d4 Bd6 11. dxe5 Bxe5 12. Nxe5 Bxd1 13. Nxc6+ Ne7 14. Nxd8
Rxd8 15. Bxd1 O-O 16. Bg5 Rfe8 17. Nd2 f6 18. Bb3+ Kh8 19. Bf4 c5 20. Nf3 c4 21.
Bc2 Nd5 22. Bg3 g5 23. Rad1 Nf4 24. Bxf4 g4 25. Rxd8 Rxd8 26. Nh4 Rf8 27. Bh6
Rd8 28. Re7 f5 29. Nxf5 Kg8 30. Rg7+ Kh8 31. Ne7 Re8 32. Rxh7# 1-0

[Event "AUTO-MASTER-1792"]
[Site "http://www.queenalice.com/game.php?id=1135603"]
[Date "2012.12.29"]
[Round "1"]
[White "ocbruno"]
[Black "Puffer"]
[Result "0-1"]
[WhiteElo "1918"]
[BlackElo "2221"]

1. e4 e5 2. Nf3 Nc6 3. Bb5 a6 4. Ba4 Nf6 5. O-O b5 6. Bb3 d6 7. Ng5 Be6 8. Nxe6
fxe6 9. Bxe6 Nd4 10. Bh3 Nxe4 11. d3 Nf6 12. Bg5 h6 13. Bxf6 Qxf6 14. Qg4 Be7
15. Qh5+ g6 16. Qg4 Nxc2 17. Qd7+ Kf7 18. Nc3 Rhd8 19. Qxc7 Nxa1 20. Nd5 Qg5 21.
f4 exf4 22. Rxf4+ Kg7 23. Be6 Rf8 24. h4 Rac8 25. Rf7+ Rxf7 26. Qxc8 Qxh4 27.
Bxf7 Kxf7 28. Nxe7 Qe1+ 29. Kh2 Kxe7 30. Qc7+ Ke6 31. Qc8+ Kd5 32. Qb7+ Kd4 33.
Qb6+ Kxd3 34. Qxd6+ Kc2 35. Qxg6+ Kxb2 36. Qxh6 a5 37. Qf6+ Kxa2 38. Qf7+ Nb3
39. Qf5 Qe2 40. Qg5 a4 41. Kh3 a3 42. g4 Qd3+ 43. Kh4 Kb1 0-1

[Event "AUTO-MASTER-1578"]
[Site "http://www.queenalice.com/game.php?id=1135630"]
[Date "2012.12.29"]
[Round "2"]
[White "andrevillares"]
[Black "Puffer"]
[Result "0-1"]
[WhiteElo "1987"]
[BlackElo "2088"]

1. d4 Nf6 2. c4 g6 3. Nc3 Bg7 4. e4 d6 5. Nf3 O-O 6. Be2 c5 7. O-O cxd4 8. Nxd4
Nc6 9. Be3 Bd7 10. Qd2 Nxd4 11. Bxd4 Bc6 12. f3 a5 13. Rad1 Qd7 14. Qe3 Qe6 15.
Nd5 Bxd5 16. cxd5 Qd7 17. Bd3 Qa4 18. a3 Nxd5 19. Qe2 Bxd4+ 20. Kh1 Nf4 21. Qc2
Qxc2 22. Bxc2 Bc5 23. g3 Ne6 24. Rd2 b5 25. Rfd1 Rac8 26. Kg2 Be3 27. Re2 Nd4
28. Rxe3 Rxc2+ 29. Kh3 Ne6 30. b4 axb4 31. axb4 Rb2 32. f4 Rxb4 33. f5 Ng5+ 34.
Kh4 Nxe4 35. g4 gxf5 36. Kh3 Nf2+ 37. Kg2 Nxd1 0-1

[Event "AUTO-MASTER-1578"]
[Site "http://www.queenalice.com/game.php?id=1135634"]
[Date "2012.12.29"]
[Round "2"]
[White "kraler"]
[Black "Puffer"]
[Result "1-0"]
[WhiteElo "2219"]
[BlackElo "2075"]

1. e4 e5 2. Nf3 Nc6 3. Bb5 a6 4. Ba4 b5 5. Bb3 Bc5 6. O-O Nf6 7. c3 Nxe4 8. d4
Bb6 9. Bd5 Nd6 10. dxe5 Nf5 11. Bg5 Nfe7 12. Nbd2 O-O 13. Nd4 Bxd4 14. cxd4 Qe8
15. Bxe7 Qxe7 16. Rc1 Bb7 17. Nb3 Ra7 18. Nc5 Ba8 19. f4 Nb4 20. Bb3 Nd5 21. Qd3
Qh4 22. Bxd5 Bxd5 23. Qf5 Bxa2 24. Rf3 Be6 25. Qe4 Qe7 26. f5 d5 27. Qe1 Bc8 28.
f6 Qd8 29. Qg3 g6 30. Qg5 1-0

[Event "AUTO-MASTER-1578"]
[Site "http://www.queenalice.com/game.php?id=1135635"]
[Date "2012.12.29"]
[Round "2"]
[White "Puffer"]
[Black "kraler"]
[Result "0-1"]
[WhiteElo "2079"]
[BlackElo "2199"]

1. e4 e5 2. Nf3 Nc6 3. Bb5 a6 4. Ba4 Nf6 5. O-O d6 6. Bxc6+ bxc6 7. d4 Nxe4 8.
Re1 d5 9. Nxe5 Bd6 10. f3 Bxe5 11. fxe4 Bf6 12. exd5+ Be7 13. dxc6 O-O 14. c4
Bf5 15. Nc3 Bf6 16. Nd5 h6 17. Nxf6+ Qxf6 18. d5 Rfe8 19. Rf1 Qg6 20. Rf3 Bg4
21. Qf1 Bxf3 22. Qxf3 Re1+ 23. Kf2 Rae8 0-1

[Event "AUTO-MASTER-1578"]
[Site "http://www.queenalice.com/game.php?id=1135638"]
[Date "2012.12.29"]
[Round "2"]
[White "Puffer"]
[Black "dadge"]
[Result "1-0"]
[WhiteElo "2075"]
[BlackElo "2077"]

1. e4 c5 2. Nf3 d6 3. d4 Nf6 4. Nc3 cxd4 5. Nxd4 a6 6. f4 g6 7. Be2 Bg7 8. Be3
Nbd7 9. f5 Qc7 10. O-O b5 11. a3 Bb7 12. Bd3 Nc5 13. Qf3 O-O 14. fxg6 fxg6 15.
Qh3 Bc8 16. Qh4 e5 17. Nf3 Ng4 18. Nd5 Qb7 19. Ne7+ Kf7 20. Nxe5+ Ke8 21. Nxc8
Qxc8 22. Nxg4 h5 23. Rxf8+ Kxf8 24. Rf1+ Kg8 25. Nf6+ Kh8 26. Nxh5 gxh5 27.
Qxh5+ Kg8 28. Qf7+ Kh7 29. Rf5 1-0

[Event "AUTO-MASTER-1578"]
[Site "http://www.queenalice.com/game.php?id=1135639"]
[Date "2012.12.29"]
[Round "2"]
[White "dadge"]
[Black "Puffer"]
[Result "1/2-1/2"]
[WhiteElo "2141"]
[BlackElo "2027"]

1. e4 e5 2. Nf3 Nc6 3. Bb5 a6 4. Ba4 Nf6 5. O-O b5 6. Bb3 d6 7. Ng5 Be6 8. Nxe6
fxe6 9. Bxe6 Be7 10. d3 Nd4 11. Bh3 c5 12. c3 Nc6 13. f4 O-O 14. Na3 Kh8 15. Nc2
Qe8 16. Ne3 Bd8 17. Nf5 Bc7 18. Be3 Qg6 19. Qf3 Rae8 20. Nh4 Qf7 21. f5 Qh5 22.
Qxh5 Nxh5 23. g4 Nf6 24. g5 Nh5 25. Bg4 Nf4 26. Bxf4 exf4 27. Ng2 Ne5 28. Be2 f3
29. Bxf3 Nxd3 30. a4 Nxb2 31. axb5 a5 32. Nf4 Nc4 33. Nd5 Bd8 34. Ra4 Nd2 35.
Rf2 Nxf3+ 36. Kg2 Nxg5 37. Rf4 Re5 38. h4 Rxd5 39. exd5 Nf7 40. Kh3 Ne5 41. Rae4
c4 42. Rxe5 dxe5 43. Rxc4 Bb6 44. d6 Rd8 45. Rc6 Bf2 46. b6 Bxb6 47. Rxb6 Kg8
48. Ra6 Kf7 49. Kg4 Rd7 50. Rxa5 Rxd6 51. Rxe5 Rc6 52. Re3 Rc4+ 53. Kg3 Kf6 54.
Rf3 Rc5 55. Kg4 Rc4+ 56. Kg3 Rc5 57. Kg4 Rc4+ 58. Kg3 1/2-1/2

[Event "AUTO-MASTER-1816"]
[Site "http://www.queenalice.com/game.php?id=1149717"]
[Date "2013.2.8"]
[Round "1"]
[White "MarceloPadre"]
[Black "Puffer"]
[Result "1-0"]
[WhiteElo "2081"]
[BlackElo "2131"]

1. e4 e5 2. Qe2 Nf6 3. Nf3 Nc6 4. c3 Bc5 5. h3 d6 6. g4 Bd7 7. d3 Qe7 8. Be3
Bxe3 9. Qxe3 h6 10. Nbd2 d5 11. Bg2 O-O-O 12. O-O-O d4 13. cxd4 exd4 14. Qe1 Nb4
15. Nb3 Nxa2+ 16. Kb1 Nb4 17. e5 Nfd5 18. Nfxd4 Ba4 19. Bxd5 Rxd5 20. f4 Bxb3
21. Nxb3 Nxd3 22. Qe4 Rhd8 23. Rd2 Nc5 24. Qf5+ Kb8 25. Rxd5 Rxd5 26. Nxc5 Rxc5
27. Rd1 a5 28. Rd7 Qe8 29. Qxf7 Qxf7 30. Rxf7 1-0

[Event "AUTO-MASTER-1816"]
[Site "http://www.queenalice.com/game.php?id=1149718"]
[Date "2013.2.8"]
[Round "1"]
[White "Puffer"]
[Black "MarceloPadre"]
[Result "0-1"]
[WhiteElo "2067"]
[BlackElo "2104"]

1. e4 e5 2. Nf3 Qe7 3. Nc3 c6 4. Bc4 g6 5. d4 d6 6. Bg5 f6 7. Bh4 Nh6 8. Qd2 Nf7
9. Bxf7+ Qxf7 10. dxe5 dxe5 11. Nxe5 Qe7 12. O-O-O Bg7 13. f4 O-O 14. Nf3 Bg4
15. h3 Bxf3 16. gxf3 Na6 17. Qg2 Nc5 18. e5 Ne6 19. Ne2 Qb4 20. exf6 Nxf4 21.
Nxf4 Qxf4+ 22. Kb1 Qxh4 23. fxg7 Rf7 24. Rd3 Kxg7 25. Rhd1 Raf8 26. Rd4 Qh5 27.
Rd7 Qf5 28. Rxf7+ Rxf7 29. Rd3 Qe6 30. a3 Rf5 31. Qd2 Rf7 32. h4 Qf5 33. h5 Qxh5
34. f4 Qf5 35. Rf3 g5 36. Qd4+ Rf6 37. Qxa7 Qd7 38. Rb3 Qd1+ 39. Ka2 gxf4 40.
Qxb7+ Kg6 41. Rc3 f3 42. Rxc6 Qd5+ 0-1

[Event "AUTO-MASTER-1816"]
[Site "http://www.queenalice.com/game.php?id=1149739"]
[Date "2013.2.8"]
[Round "1"]
[White "armart"]
[Black "Puffer"]
[Result "1-0"]
[WhiteElo "2366"]
[BlackElo "2079"]

1. c4 g6 2. d4 Bg7 3. e4 d6 4. Nf3 Bg4 5. Be2 Nf6 6. Nc3 c6 7. O-O O-O 8. Be3
Na6 9. h3 Bd7 10. Qd2 Nc7 11. Rad1 a6 12. Bh6 b5 13. Bxg7 Kxg7 14. e5 Nfe8 15.
b3 Qc8 16. Rfe1 h6 17. Rc1 Rh8 18. d5 c5 19. Bd3 g5 20. Ne4 Kf8 21. exd6 Nxd6
22. Nxc5 1-0

[Event "AUTO-MASTER-1816"]
[Site "http://www.queenalice.com/game.php?id=1149740"]
[Date "2013.2.8"]
[Round "1"]
[White "Puffer"]
[Black "armart"]
[Result "0-1"]
[WhiteElo "2074"]
[BlackElo "2369"]

1. e4 c5 2. Nf3 d6 3. d4 cxd4 4. Nxd4 Nf6 5. Nc3 a6 6. Be3 e6 7. Qd2 Be7 8. h3
b5 9. a3 Bb7 10. Bd3 Nbd7 11. f4 Nb6 12. b3 Qc7 13. O-O Rc8 14. Nde2 O-O 15. f5
e5 16. Bf2 d5 17. exd5 Nbxd5 18. Nxd5 Bxd5 19. Ng3 e4 20. Be2 Qxc2 21. Qxc2 Rxc2
0-1

[Event "AUTO-MASTER-1782"]
[Site "http://www.queenalice.com/game.php?id=1212546"]
[Date "2013.8.28"]
[Round "2"]
[White "Puffer"]
[Black "Talon"]
[Result "0-1"]
[WhiteElo "2032"]
[BlackElo "2463"]

1. e4 c5 2. Nf3 d6 3. d4 cxd4 4. Nxd4 Nf6 5. Nc3 a6 6. f3 e5 7. Nb3 Be7 8. Be3
Be6 9. Qd2 O-O 10. O-O-O Nbd7 11. g4 Qc7 12. g5 Nh5 13. Nd5 Bxd5 14. exd5 a5 15.
Kb1 a4 16. Nc1 f5 17. h4 Ng3 18. Rh3 Nxf1 19. Rxf1 Qc4 20. Rg1 Bd8 21. Qd3 Qxd3
22. Nxd3 Bb6 23. Bxb6 Nxb6 24. Nb4 Ra5 25. Rd1 Rc8 26. Rh2 a3 0-1

[Event "AUTO-MASTER-1782"]
[Site "http://www.queenalice.com/game.php?id=1212547"]
[Date "2013.8.28"]
[Round "2"]
[White "Talon"]
[Black "Puffer"]
[Result "1-0"]
[WhiteElo "2464"]
[BlackElo "2030"]

1. d4 Nf6 2. c4 g6 3. Nc3 Bg7 4. e4 d6 5. Nf3 O-O 6. Be2 c5 7. d5 e6 8. Bf4 Nh5
9. Bg5 f6 10. Bd2 e5 11. g3 Bh3 12. Nh4 Qe8 13. g4 Nf4 14. Bxf4 exf4 15. Qd3 g5
16. Nf5 Bg2 17. Rg1 f3 18. Bxf3 Bxf3 19. Qxf3 Qd7 20. Nb5 Na6 21. Nbxd6 Nb4 22.
Qc3 Na6 23. O-O-O Nb4 24. Kb1 Qa4 25. a3 a5 26. Nb5 1-0

[Event "Aspayne"]
[Site "http://www.queenalice.com/game.php?id=1221120"]
[Date "2013.9.30"]
[Round "1"]
[White "Puffer"]
[Black "rok66"]
[Result "1-0"]
[WhiteElo "2028"]
[BlackElo "2118"]

1. e4 c5 2. Nf3 d6 3. d4 cxd4 4. Nxd4 Nf6 5. Nc3 a6 6. f3 e6 7. Be3 b5 8. g4 h6
9. Qd2 b4 10. Nce2 e5 11. Nf5 d5 12. O-O-O Be6 13. g5 hxg5 14. Bxg5 Nbd7 15. Bg2
Qa5 16. Kb1 dxe4 17. Nxg7+ Bxg7 18. Nc1 Bf8 19. h4 Nd5 20. Nb3 Qa4 21. fxe4 N5b6
22. Bf1 Rc8 23. h5 f6 24. Be3 Nc4 25. Bxc4 Bxc4 26. h6 Be6 27. h7 Qc6 28. Rh4
Be7 29. Qg2 f5 30. Rh6 Bf6 31. Rxd7 Qxd7 32. Rxf6 Ke7 33. Qg7+ Kd6 34. Qg6 f4
35. Bb6 Rxh7 36. Rxe6+ Qxe6 37. Qxh7 Kc6 38. Qa7 Kb5 39. Bc5 Qc6 40. Qh7 a5 41.
Qh3 Qe8 42. Qd3+ Ka4 43. Nd4 exd4 44. b3+ Ka3 45. Qd1 1-0